000 00268nam a2200109Ia 4500
008 200302s9999 xx 000 0 und d
100 _aLichaam Tekenen
245 _aHow To Draw The Human Body Step-By-Step
260 _bBooqs Publishing
260 _c2010
300 _a351
999 _c4712
_d4712